| 000 | 00847nam a2200289 a 4500 | ||
|---|---|---|---|
| 003 | PILC | ||
| 005 | 20151008082116.0 | ||
| 008 | 111005s19uu xx 00 eng d | ||
| 020 | _a0071257829 | ||
| 020 | _a9780071257824 | ||
| 050 |
_aQP 34.5 _b.Se418 2008 |
||
| 100 | _aSeeley, Rod R. | ||
| 245 |
_aEssentials of anatomy & physiology / _cRod R. Seeley, Trent D. Stephens, Philip Tate. |
||
| 250 | _a6th edition. | ||
| 260 |
_aSingapore : _bMcGraw-Hill Companies, _c2008. |
||
| 300 |
_axxi, 666 pages ; _bcolor illustrations ; _c29 cm. |
||
| 500 | _aIncludes appendix, glossary and index. | ||
| 650 | _aHuman anatomy. | ||
| 650 | _aHuman physiology. | ||
| 650 | _aAnatomy. | ||
| 650 | _aPhysiology. | ||
| 700 | _aStephens, Trent D. | ||
| 700 | _aTate, Philip. | ||
| 942 |
_cBK _2lcc _kFOR |
||
| 999 |
_c24906 _d24906 |
||